00480nam a2200157Ia 4500003000400000008004100004040001600045082001500061100001700076245011300093260003400206300000900240650002000249650002400269650002900293GCL140319s9999 xx 000 0 eng d aGCL / cGCL04a002.2bH I1 aHENRY, CAROL10aTHE IMAGE OF THE LIBRARY AND INFORMATION PROFESSION: HOW WE SEE OURSELVES: AN INVESTIGATION / cHENRY, CAROL a[S.N] : bK.G. SAUR ، c1995 a86 P04aLIBRARY SCIENCE04aINFORMATION SCIENCE04aLIBRARY - ADMINISTRATION